00465nam a22001937a 450000500170000001000130001702000090003003500130003903700160005204000120006808200130008010000180009324500410011126000330015227000390018530000200022465000160024465000110026020170124105947.0 aA-838071 c7.00 aA-838071 bCen Lib/Ret aDPLbEN a230bTIK aTikkoo, T. N. aThe Casletial flutecby T. N. Tikkoo aNew DelhibT.N. Tikkooc1974 aK-4, Hauz Khas bNew Delhie110016 a188p.c16cm(Hb) aMahabharat  aStory